000 02037nam a22002297a 4500
003 UA-OsUOA
005 20220501224701.0
008 220501b un ||||| |||| 00| 0 ukr d
040 _aUA-OsUOA
_bukr
_cUA-OsUOA
_dUA-OsUOA
041 _aukr
080 _a343.268
090 _a343.268
095 _a12.00.08
_bкримінальне право та кримінологія; кримінально-виконавче право
100 _aКнига М.М.
245 _aПримусові заходи медичного характеру як засіб попередження злочинності
_cКнига Максим Михайлович; наук. керівник Лень Валентин Валентинович
260 _aДніпропетровськ
_c2009
300 _a20 с.
502 _6Автореферат дисертації на здобуття наукового ступеня кандидата юридичних наук
_cДніпропетровський державний університет внутрішніх справ
_d2009
520 _aРобота є першим в Україні комплексним і системним дослідженням проблем застосування примусових заходів медичного характеру. Розглянуто проблеми попередження злочинної та іншої суспільно небезпечної діяльності психічно хворих осіб, кримінально-правові питання застосування, продовження, зміни і припинення зазначених заходів. Сформульовано пропозиції щодо вдосконалення норм кримінального законодавства, які регулюють інститут примусових заходів медичного характеру.
650 _2UDC
_a34 Право
942 _2udc
_cAR
999 _c572435
_d572435